Statistics for Shakespearean Words by Google Definition

Click here to take the quiz!

General Stats

  • This quiz has been taken 27 times
  • The average score is 6 of 12

Answer Stats

Definition:Word:% Correct
LSad because one has no friends or company.Lonely
85%
GA brief, strong rush of wind.Gust
80%
MImitate (someone or their actions or words), especially in order to entertain or ridicule.Mimic
75%
BA robber or outlaw belonging to a gang and typically operating in an isolated or lawless area.Bandit
70%
CA person who expresses an unfavorable opinion of something.Critic
60%
TThe action or practice of inflicting severe pain or suffering on someone as a punishment or in order to force them to do or say something.Torture
60%
SWalk or behave in a very confident and typically arrogant or aggressive way.Swagger
45%
NObtain or bring about by discussion.Negotiate
40%
TFree from disturbance; calm.Tranquil
40%
GDark or poorly lit, especially so as to appear depressing or frightening.Gloomy
35%
DDiminish gradually in size, amount, or strength.Dwindle
25%
PTo vomitPuking
15%

Score Distribution

Percentile by Number Answered

Percent of People with Each Score

Your Score History

You have not taken this quiz